000
00288nam a22001337a 4500
008
180813b xxu||||| |||| 00| 0 eng d
020
_a
9780323014380
041
_a
eng
080
_2
4th
_a
616
100
_a
9
101
_a
PAT
245
_a
PATHOPHYSIOLOGY
_c
Cance,K.L
942
_2
udc
_c
BK
999
_c
47019
_d
47019